000 00958nam0a22002531 4500
001 rc\270087
005 20250621004024.0
035 _a(NLR Aleph) 005480604
090 _a5119850
_c5119850
100 _a20030307d1990 |||y0rusy50 ca
101 0 _arus
102 _aRU
105 _aa |||||||||
200 1 _aЭЛЕКТРОДИФФУЗИОННЫЕ методы создания Cs+-волноводных структур в стекле
_fМ.Г. Галечян, Е.М. Дианов, Н.М. Лындин, А.В. Тищенко
210 _aМ.
_cБ. и.
_d1990
215 _a[1], 19 с.
_cсхем., граф.
_d20
225 1 _aПрепринт
_fАН СССР. Ин-т общ. физики. Отд. колебаний
_v№ 55
_iОптоэлектроника
320 _aБиблиогр.: с. 10
701 1 _aГалечян
_bМ.Г.
801 0 _aRU
_bNLR
_gpsbo
801 1 _aRU
_bELAR
_2rusmarc
852 _aNLR
_j90-4/10213
942 _cBOOK
980 _aNB